O pingwinie Kleofasku /
Saved in:
| Main Author: | |
|---|---|
| Corporate Author: | |
| Other Authors: | |
| Format: | Book |
| Language: | Polish |
| Published: |
Warszawa :
"Nasza Księgarnia",
1989
|
| Edition: | [Wyd. 5]. |
| Series: | Kolekcja Jubileuszowa
|
| Subjects: | |
| Tags: |
No Tags, Be the first to tag this record!
|
MARC
| LEADER | 00000nam a2200000 i 4500 | ||
|---|---|---|---|
| 001 | 9910466294205606 | ||
| 005 | 20260515140228.0 | ||
| 008 | 971010s1989 pl a |000 1 pol | ||
| 020 | |a 8310093349 | ||
| 035 | |a 991002668959705066 | ||
| 035 | |a (PL-WaBN)b10729252-48omnis_nlop | ||
| 035 | |a b10729252 | ||
| 035 | |a (OCoLC)830080668 | ||
| 035 | |a xx004625462 | ||
| 035 | |a (PL)b0000001072925 | ||
| 040 | |a WA N |c WA N |d KR U |d WA N | ||
| 080 | |a 884-93 | ||
| 090 | |c 113 |d 112 | ||
| 100 | 1 | |a Tuwim, Irena |d (1898-1987) | |
| 245 | 1 | 0 | |a O pingwinie Kleofasku / |c Irena Tuwim ; il. Krystyna Michałowska. |
| 250 | |a [Wyd. 5]. | ||
| 260 | |a Warszawa : |b "Nasza Księgarnia", |c 1989 |e (Rzesz. : |f RZG). | ||
| 300 | |a 64, [4] s. : |b il. kolor. ; |c 26 cm. | ||
| 490 | 1 | |a Kolekcja Jubileuszowa | |
| 650 | 7 | |a Literatura dziecięca polska |y 20 w. | |
| 700 | 1 | |a Michałowska, Krystyna |d (1943- ) |e Il. | |
| 710 | 2 | |a Wydawnictwo "Nasza Księgarnia" | |
| 830 | 0 | |a Kolekcja Jubileuszowa | |
| 920 | |a 83-10-09334-9 | ||
| 942 | |c K | ||
| 952 | |0 0 |1 0 |4 0 |6 R__89_000000000000000 |7 0 |9 107 |a RYT |b RYT |d 2026-05-13 |e 1/2014 |g 10.00 |l 0 |o R.89 |p 2000000000893 |r 2026-05-15 14:02:28 |w 2026-05-15 |y BK |z da | ||
| 999 | |c 107 |d 107 | ||